Public finance / (Record no. 92786)

MARC details
000 -LEADER
fixed length control field 00616nam a22002177a 4500
005 - DATE AND TIME OF LATEST TRANSACTION
control field 20230523152506.0
010 ## - LCCN (DPL NO)
LC control number ENG-112607 ENG-136995
020 ## - INTERNATIONAL STANDARD BOOK NUMBER
International Standard Book Number 9789325960008
Terms of availability 375.00
035 ## - SYSTEM CONTROL NUMBER
System control number EN-96139
035 ## - SYSTEM CONTROL NUMBER
System control number EN-120527
037 ## - SOURCE OF ACQUISITION
Source of stock number/acquisition DBAD/PUB
082 ## - DEWEY DECIMAL CLASSIFICATION NUMBER
Classification number 336
100 ## - MAIN ENTRY--PERSONAL NAME
Personal name Bhatia, H.L.
245 00 - TITLE STATEMENT
Title Public finance /
Statement of responsibility, etc by H.L. Bhatia
250 ## - EDITION STATEMENT
Edition statement 27th ed
260 ## - PUBLICATION, DISTRIBUTION, ETC. (IMPRINT)
Place of publication, distribution, etc New Delhi
Name of publisher, distributor, etc Vikas Publishing House
Date of publication, distribution, etc 2012
270 ## - ADDRESS
Address E-28, Sector-8, Noida
City New Delhi
Postal code 201301
300 ## - PHYSICAL DESCRIPTION
Extent xi,628p.
Dimensions 24cm(pbk)
500 ## - GENERAL NOTE
General note Includes bibliographical references
942 ## - ADDED ENTRY ELEMENTS (KOHA)
Source of classification or shelving scheme Dewey Decimal Classification
Item type English Books
Call number suffix BHA
Classification part 336
Holdings
Withdrawn status Lost status Not for loan Collection code Home library Current library Date acquired Source of acquisition Cost, normal purchase price Full call number Barcode Copy number Cost, replacement price Koha item type
      Non-fiction Ashok Vihar Ashok Vihar 23/05/2023 DBAD/PUB 375.00 336 BHA EN-120527 1 375.00 English Books
    Not For Loan Non-fiction D.B.Act.Division D.B.Act.Division 08/04/2015 DBAD/PUB 375.00 336 BHA EN-96139 1 375.00 English Books

© Delhi Public Library
Hit Counter
free hit counter